00606nam a22002177a 450000500170000001000110001702000100002803500110003803700160004904000120006508200170007710000190009424501030011326000360021627000110025230000250026350000200028865000280030865000280033670000240036420170124110007.0 a474268 c00.00 a474268 bCen Lib/Ret aDPLbEN a329.954bAND aAndrews, C. F. aThe rise and growth of congress in India :cby C. F. Andrews [and] Girija K Mookerjeeb1832-1920 / aU.P.bMeenakshi Prakashanc1967 bMeerut axvi,204p. c21cm(Hb) aIncludes index  aIndian National Congres aPolitics and government aMookerjee, irija K.